Automation Control Theory Perspectives in Intelligent Systems : (Record no. 35520)
[ view plain ]
| 000 -LEADER | |
|---|---|
| fixed length control field | 00745nam a2200217Ia 4500 |
| 001 - CONTROL NUMBER | |
| control field | 32737 |
| 003 - CONTROL NUMBER IDENTIFIER | |
| control field | IN-NITTTR |
| 005 - DATE AND TIME OF LATEST TRANSACTION | |
| control field | 20251114233435.0 |
| 008 - FIXED-LENGTH DATA ELEMENTS--GENERAL INFORMATION | |
| fixed length control field | 251113s9999||||xx |||||||||||||| ||eng|| |
| 040 ## - CATALOGING SOURCE | |
| Language of cataloging | eng |
| 040 ## - CATALOGING SOURCE | |
| Transcribing agency | IN-NITTTR |
| 041 ## - LANGUAGE CODE | |
| Language code of text/sound track or separate title | eng |
| 082 ## - DEWEY DECIMAL CLASSIFICATION NUMBER | |
| Classification number | QA75.5 .C65 2016eb |
| 100 ## - MAIN ENTRY--PERSONAL NAME | |
| Personal name | Silhavy, Radek |
| 245 #0 - TITLE STATEMENT | |
| Title | Automation Control Theory Perspectives in Intelligent Systems : |
| Remainder of title | Proceedings of the 5th Computer Science On-line Conference 2016 (CSOC2016), Vol 3 / |
| Statement of responsibility, etc. | Silhavy, Radek, Senkerik, Roman, Oplatkova, Zuzana Kominkova, Silhavy, Petr, Prokopova, Zdenka |
| 700 ## - ADDED ENTRY--PERSONAL NAME | |
| Personal name | Oplatkova, Zuzana Kominkova |
| 700 ## - ADDED ENTRY--PERSONAL NAME | |
| Personal name | Prokopova, Zdenka |
| 700 ## - ADDED ENTRY--PERSONAL NAME | |
| Personal name | Senkerik, Roman |
| 700 ## - ADDED ENTRY--PERSONAL NAME | |
| Personal name | Silhavy, Petr |
| 942 ## - ADDED ENTRY ELEMENTS (KOHA) | |
| Source of classification or shelving scheme | Dewey Decimal Classification |
| Koha item type | Books |
| Withdrawn status | Lost status | Source of classification or shelving scheme | Damaged status | Not for loan | Home library | Current library | Date acquired | Total checkouts | Full call number | Barcode | Date last seen | Price effective from | Koha item type |
|---|---|---|---|---|---|---|---|---|---|---|---|---|---|
| Dewey Decimal Classification | National Institute of Technical Teachers Training & Research | National Institute of Technical Teachers Training & Research | 11/14/2025 | QA75.5 .C65 2016eb | 1227066 | 11/14/2025 | 11/14/2025 | Books |